| 000 | 00995cam a2200337Ii 4500 | ||
|---|---|---|---|
| 001 | 879584064 | ||
| 003 | OCoLC | ||
| 005 | 20260203101352.0 | ||
| 008 | 140512s2015 maua 001 0 eng d | ||
| 020 | _a1631590324 | ||
| 020 | _a9781631590320 | ||
| 035 | _a(OCoLC)879584064 | ||
| 040 |
_aYDXCP _beng _erda _cYDXCP _dBTCTA _dBDX _dOCLCQ _dOCLCO _dJBU _dNYP |
||
| 049 | _aNYPP | ||
| 050 | 4 |
_aNC750 _b.P37 2015 |
|
| 082 | 0 | 4 |
_a742 _223 _bPAR |
| 091 | _a742 | ||
| 100 | 1 |
_aParicio, Jorge. _9120908 |
|
| 245 | 1 | 0 |
_aPerspective sketching : _bFreehand and Digital Drawing Techniques for Artists & Designers / _cJorge Paricio. |
| 260 |
_bRockport Publishers; _c2015. |
||
| 300 |
_a224 pages : _billustrations (chiefly color) ; _c28 cm. |
||
| 500 | _aIncludes index. | ||
| 650 | 0 |
_aPerspective. _932290 |
|
| 650 | 0 |
_aDrawing _xTechnique. _931809 |
|
| 901 |
_aljh _bCATBL |
||
| 901 | _aMARS | ||
| 908 | 4 | _aNC750 | |
| 942 |
_2ddc _cREF _aSADA _k742 PAR 2015 |
||
| 945 | _a.b205003369 | ||
| 946 | _am | ||
| 999 |
_c607936 _d607936 |
||